000 00531cam a22002055a 4500
001 L153534
002 18624
008 110804s2010 xxk f 000 0 eng d
020 _a9780230230446
035 _a(Sirsi) u153534
041 0 _aeng
050 0 4 _a692.8 $2 18
100 1 _aAdriaanse, John
245 0 0 _aConstruction contract law
_bthe essentials
250 _a3rd ed.
260 _aLondon
_bPalgrave Macmillan
_c2010
651 4 _aENGLAND AND WALES
690 _aBUILT ENVIRONMENT-BUILDING CONTRACT FORMS
942 _n0
999 _c112577
_d112577